Fast-neutron spectroscopy (Record no. 9797)
[ view plain ]
| 000 -LEADER | |
|---|---|
| fixed length control field | 01003cam a22002891 4500 |
| 001 - CONTROL NUMBER | |
| control field | 9797 |
| 003 - CONTROL NUMBER IDENTIFIER | |
| rucl marc code | BD-RjUL |
| 005 - DATE AND TIME OF LATEST TRANSACTION | |
| control field | 20211208234835.0 |
| 008 - FIXED-LENGTH DATA ELEMENTS--GENERAL INFORMATION | |
| fixed length control field | 210114s1960 nyua b 000 0 eng |
| 035 ## - SYSTEM CONTROL NUMBER | |
| System control number | (BD-RjUL) |
| System control number | (OCoLC)2230628 |
| 040 ## - CATALOGING SOURCE | |
| Original cataloging agency | DLC |
| Transcribing agency | MiHolH |
| Modifying agency | OCoLC |
| -- | (BD-RjUL) |
| Language of cataloging | eng |
| 041 1# - LANGUAGE CODE | |
| Language code of text/sound track or separate title | eng |
| Language code of original | rus |
| 082 ## - DEWEY DECIMAL CLASSIFICATION NUMBER | |
| Classification number | 539.7213 |
| Author mark and year | RYF 1960 |
| 100 1# - MAIN ENTRY--PERSONAL NAME | |
| Personal name | Rybakov, Boris Vasilʹevich. |
| 9 (RLIN) | 30289 |
| 245 10 - TITLE STATEMENT | |
| Title | Fast-neutron spectroscopy |
| Statement of responsibility, etc. | [by] B.V. Rybakov and V.A. Sidorov. Edited by N.A. Vlasov. Translated from Russian. |
| 260 ## - PUBLICATION, DISTRIBUTION, ETC. (IMPRINT) | |
| Place of publication, distribution, etc. | New York, |
| Name of publisher, distributor, etc. | Consultants Bureau, |
| Date of publication, distribution, etc. | 1960. |
| 300 ## - PHYSICAL DESCRIPTION | |
| Pagination | ix, 121 p.: |
| Illustrations | illus., diagrs., tables. |
| Size | 28 cm. |
| 504 ## - BIBLIOGRAPHY, ETC. NOTE | |
| Bibliography, etc | Includes bibliographies. |
| 650 #0 - SUBJECT ADDED ENTRY--TOPICAL TERM | |
| Topical term or geographic name as entry element | Neutrons |
| General subdivision | Spectra. |
| 9 (RLIN) | 30291 |
| Topical term or geographic name as entry element | Spectrometer. |
| 9 (RLIN) | 30292 |
| 700 1# - ADDED ENTRY--PERSONAL NAME | |
| Personal name | Sidorov, Vladimir Aleksandrovich, |
| Relator term | joint author. |
| 942 ## - ADDED ENTRY ELEMENTS (KOHA) | |
| Source of classification or shelving scheme | Dewey Decimal Classification |
| Koha item type | Books |
| Lost status | Source of classification or shelving scheme | Damaged status | Not for loan | Collection code | Permanent Location | Current Location | Shelving location | Date acquired | Source of acquisition | Cost, normal purchase price | Total Checkouts | Full call number | Date last seen | Copy number | Koha item type |
|---|---|---|---|---|---|---|---|---|---|---|---|---|---|---|---|
| Dewey Decimal Classification | Not For Loan | Non-fiction | Central Library, University of Rajshahi | Central Library, University of Rajshahi | Reading Room | 18/12/1963 | Zeitlinger | 140.00 | 539.7213 RYF 1960 | 21/01/2014 | C-1 | Books |